[Event "Let's Play Chess!"]
[Site "http://www.queenalice.com/game.php?id=1570420"]
[Date "2019.5.10"]
[Round "-"]
[White "manuelito"]
[Black "ztnilz"]
[Result "0-1"]
[WhiteElo "1790"]
[BlackElo "1879"]

1. d4 e6 2. e3 d5 3. Nf3 Nf6 4. Be2 Nc6 5. O-O Be7 6. c4 b6 7. Nc3 a6 8. a3 Bb7
9. b4 O-O 10. Bb2 dxc4 11. Bxc4 b5 12. Bb3 Re8 13. Re1 Bd6 14. h3 Na7 15. Rc1 c6
16. Ne2 Nc8 17. Rc2 Nb6 18. Qd3 c5 19. dxc5 Be4 20. Qd2 Bxc2 21. Bxc2 Nc4 22.
Qc3 Bc7 23. Nd2 Qxd2 24. Qxd2 Nxd2 25. Rd1 Nc4 26. Bxf6 gxf6 27. Rd7 Rac8 28.
Nf4 Bxf4 29. exf4 f5 30. g3 Nxa3 31. Bb3 Nc4 32. Ra7 Ra8 33. Rxa8 Rxa8 34. Kf1
a5 35. bxa5 Rxa5 36. Ke2 Ra3 37. Bxc4 bxc4 38. Kd2 Kf8 39. h4 h5 0-1

[Event "Let's Play Chess!"]
[Site "http://www.queenalice.com/game.php?id=1570422"]
[Date "2019.5.10"]
[Round "-"]
[White "charles31"]
[Black "manuelito"]
[Result "0-1"]
[WhiteElo "1781"]
[BlackElo "1761"]

1. d4 d5 2. Nc3 e6 3. a3 Nf6 4. Bg5 Be7 5. Nf3 O-O 6. e3 Nc6 7. Bd3 h6 8. Bh4
Re8 9. Ne5 Nxe5 10. dxe5 Nd7 11. Bxe7 Qxe7 12. h4 g6 13. g4 Nxe5 14. f4 Nxd3+
15. Qxd3 f5 16. O-O-O b6 17. gxf5 exf5 18. Rde1 c6 19. h5 gxh5 20. Reg1+ Kf7 21.
Rxh5 Rh8 22. Rxf5+ Bxf5 23. Qe2 Ke6 24. e4 dxe4 25. Nxe4 Kd7 26. Re1 Rae8 27.
Qd2+ Kc7 28. Qd4 Bxe4 29. Kb1 Bxc2+ 30. Kxc2 Qxe1 31. Kb3 Re3+ 32. Ka2 Rd8 33.
Qg7+ Kb8 34. Qxh6 Rd1 0-1

[Event "Let's Play Chess!"]
[Site "http://www.queenalice.com/game.php?id=1570423"]
[Date "2019.5.10"]
[Round "-"]
[White "manuelito"]
[Black "charles31"]
[Result "0-1"]
[WhiteElo "1782"]
[BlackElo "1765"]

1. d4 d5 2. e3 a6 3. Nf3 Nc6 4. Be2 Nh6 5. O-O Bf5 6. a3 Qd6 7. g3 Bh3 8. Re1 f6
9. Bf1 Qe6 10. Nbd2 g5 11. Kh1 g4 12. Ng1 O-O-O 13. Nxh3 gxh3 14. Nf3 Ng4 15.
Ng1 Nxf2# 0-1

[Event "A Árvore Que Dava Dinheiro"]
[Site "http://www.queenalice.com/game.php?id=1570553"]
[Date "2019.5.12"]
[Round "-"]
[White "zubarev"]
[Black "manuelito"]
[Result "1-0"]
[WhiteElo "1752"]
[BlackElo "1767"]

1. d4 d5 2. Nc3 e6 3. Nf3 Nf6 4. e3 Be7 5. Bd3 h6 6. Ne5 O-O 7. O-O Nbd7 8. f4
Nxe5 9. fxe5 Nd7 10. Qf3 c5 11. Qg3 Kh8 12. Bd2 c4 13. Be2 f5 14. Bh5 Rg8 15.
Bf7 Rf8 16. Bxe6 Bh4 17. Qg6 Qg5 18. Qxg5 Bxg5 19. Ne2 g6 20. c3 Nb6 21. Bxc8
Raxc8 22. Ng3 Na4 23. Rab1 b5 24. b3 Nb6 25. a4 a6 26. axb5 axb5 27. Ra1 Ra8 28.
Rxa8 Rxa8 29. bxc4 bxc4 30. Rb1 Ra6 31. Rb5 Ra2 32. Nf1 Na4 33. Rxd5 Nb2 34. e6
Nd3 35. Rd7 Ra8 36. Rc7 Re8 37. d5 Ne5 38. Bc1 Be7 39. e4 Kg7 40. d6 Kf6 41.
dxe7 Kxe6 42. exf5+ Kxf5 43. Bxh6 Ke6 44. Bf8 Nd7 45. Rxc4 Nxf8 46. exf8=N+ Rxf8
47. Rd4 Rc8 48. c4 Ke5 49. Rg4 Kf6 50. c5 Rxc5 51. Ne3 g5 52. Rd4 Rc1+ 53. Kf2
Ke5 54. Rd5+ Kf6 55. h3 Ra1 56. Rf5+ 1-0

[Event " WHAT? WHY? & HOW?"]
[Site "http://www.queenalice.com/game.php?id=1570554"]
[Date "2019.5.12"]
[Round "-"]
[White "manuelito"]
[Black "zubarev"]
[Result "1-0"]
[WhiteElo "1778"]
[BlackElo "1672"]

1. d4 d5 2. e3 Nf6 3. Nf3 e6 4. Be2 Bd6 5. O-O O-O 6. c4 Ne4 7. Nc3 f5 8. Nxe4
fxe4 9. Nd2 Bd7 10. c5 Be7 11. h3 Bf6 12. f3 exf3 13. Bxf3 c6 14. b4 a5 15. Qa4
Be8 16. Bb2 Nd7 17. Rf2 Bg6 18. b5 cxb5 19. Qxb5 Qc7 20. a4 Be8 21. Qe2 Bf7 22.
Raf1 Be7 23. e4 Nf6 24. exd5 Nxd5 25. Bxd5 exd5 26. Nf3 b6 27. cxb6 Qb7 28. Ne5
Bf6 29. Ba3 Rfe8 30. Qg4 Bxe5 31. dxe5 Rf8 32. Bxf8 Rxf8 33. e6 1-0

[Event "Dinheiro do Céu"]
[Site "http://www.queenalice.com/game.php?id=1571351"]
[Date "2019.5.18"]
[Round "-"]
[White "manuelito"]
[Black "zubarev"]
[Result "0-1"]
[WhiteElo "1767"]
[BlackElo "1728"]

1. d4 d5 2. e3 Nf6 3. Nf3 e6 4. Be2 Bd6 5. h3 Nc6 6. O-O Ne4 7. c4 Be7 8. Nc3
O-O 9. a3 f5 10. cxd5 exd5 11. Qc2 Be6 12. b4 a6 13. Bb2 Ng5 14. Nxg5 Bxg5 15.
Rac1 f4 16. exf4 Bxf4 17. Rcd1 Qf6 18. Bf3 Nxd4 19. Rxd4 Qxd4 20. Ne2 Qd2 21.
Qc3 Qxc3 22. Bxc3 Rad8 23. Nd4 Bf7 24. g3 Be5 25. Rc1 c6 26. Ne2 Bxc3 27. Rxc3
Bg6 28. Nf4 Be4 29. Bxe4 dxe4 30. Ne6 Rd1+ 31. Kg2 Rf7 32. Ng5 Re7 33. Re3 Rd4
34. h4 h6 35. Nh3 Rd3 36. Nf4 Rxe3 37. fxe3 Rd7 38. a4 Rd2+ 39. Kf1 Ra2 40. a5
Rb2 41. g4 Rxb4 0-1

[Event "A Ilha Perdida"]
[Site "http://www.queenalice.com/game.php?id=1571352"]
[Date "2019.5.18"]
[Round "-"]
[White "zubarev"]
[Black "manuelito"]
[Result "0-1"]
[WhiteElo "1769"]
[BlackElo "1750"]

1. d4 d5 2. Nc3 e6 3. Nf3 Nf6 4. e3 Be7 5. Bd3 O-O 6. O-O c5 7. Ne5 Nc6 8. f4
cxd4 9. exd4 Qb6 10. Nxc6 bxc6 11. Be3 Qxb2 12. Qd2 Qb6 13. Rfb1 Qc7 14. Rf1 Bd7
15. f5 Ng4 16. Bf4 e5 17. dxe5 Nxe5 18. Bxe5 Qxe5 19. Rae1 Qd4+ 20. Kh1 Bf6 21.
Ne2 Qc5 22. Rb1 Rfb8 23. Rxb8+ Rxb8 24. c3 h6 25. Rb1 Rxb1+ 26. Bxb1 Qf2 27. h3
Qf1+ 28. Kh2 Qxb1 29. Nd4 Bxd4 30. Qxd4 Qxa2 31. Qe5 Qf2 32. Kh1 Bxf5 33. Qe8+
Kh7 34. Qxf7 Qf1+ 35. Kh2 Qf4+ 36. Kg1 Qe3+ 37. Kh2 Bg6 38. Qd7 Qc5 0-1

[Event "FIAT Antecipe o seu"]
[Site "http://www.queenalice.com/game.php?id=1572463"]
[Date "2019.5.29"]
[Round "-"]
[White "manuelito"]
[Black "zubarev"]
[Result "0-1"]
[WhiteElo "1756"]
[BlackElo "1860"]

1. b3 e5 2. Bb2 Nf6 3. Nc3 Nc6 4. d3 d5 5. e4 d4 6. Nb1 Be6 7. Nf3 Bc5 8. c3 O-O
9. Ng5 dxc3 10. Nxc3 Bd4 11. Nxe6 fxe6 12. Rc1 Nb4 13. a3 Nc6 14. Be2 Qe8 15. f3
a5 16. Nb5 Bxb2 17. Nxc7 Qe7 18. Nxa8 Bxc1 19. Qxc1 Nd4 20. Nb6 Nxe2 21. Kxe2
Nh5 22. g3 Qd6 23. Nc4 Qd4 24. Qb2 Qxb2+ 25. Nxb2 Rc8 26. Nc4 b5 27. Nd6 Rc3 28.
Nxb5 Rxb3 29. Nc7 Rxa3 30. Nxe6 Ra2+ 31. Ke3 a4 32. g4 Nf6 33. d4 Ra3+ 34. Ke2
Kf7 35. d5 Ra2+ 36. Kd3 a3 37. h4 Nd7 38. Rf1 Rh2 39. h5 Nf6 40. Kc3 a2 41. Ra1
Rf2 42. Ng5+ Kg8 43. Kc4 h6 44. Ne6 Nd7 45. d6 Kf7 46. Nd8+ Ke8 47. Ne6 Kf7 48.
Nd4 exd4 49. Kxd4 Kf6 50. Kd5 Ne5 51. Rd1 Rxf3 52. Ra1 Rf2 53. Kc5 Ke6 0-1

[Event "Smart Fit"]
[Site "http://www.queenalice.com/game.php?id=1572464"]
[Date "2019.5.29"]
[Round "-"]
[White "manuelito"]
[Black "zubarev"]
[Result "0-1"]
[WhiteElo "1749"]
[BlackElo "1860"]

1. g3 d5 2. Bg2 Nf6 3. Nf3 e6 4. O-O Nc6 5. d4 Be7 6. e3 O-O 7. c4 Ne4 8. cxd5
exd5 9. Nc3 f5 10. Qb3 Rb8 11. Nxd5 Be6 12. Nxe7+ Qxe7 13. d5 Na5 14. Qa4 Bxd5
15. Qxa5 c6 16. Qxa7 h6 17. a3 Qf6 18. Rb1 b5 19. Qd4 Qe7 20. b4 Rbd8 21. Qe5
Qf7 22. Bb2 Rfe8 23. Qf4 Bc4 24. Rfc1 Be2 25. Ne5 Qe6 26. Rxc6 Qa2 27. Rcc1 Nd2
28. Ra1 Qxb2 29. Re1 Rxe5 30. e4 Nc4 31. Qc1 Qxc1 32. Raxc1 Bh5 33. Ra1 Rd3 34.
a4 bxa4 35. Rxa4 fxe4 36. Bxe4 Kf8 37. Bxd3 Rxe1+ 38. Kg2 Nd6 39. b5 Rd1 40.
Ra8+ Ke7 41. Ra7+ Ke6 42. Bf1 Rb1 43. Rxg7 Bf3+ 44. Kxf3 Rxf1 45. b6 Rb1 46.
Rg6+ Kd5 47. Rxh6 Rxb6 48. Rh8 Rb3+ 49. Kg4 Rb2 50. Rf8 Ne4 51. f4 Rxh2 52. f5
Rg2 53. f6 Rxg3+ 54. Kf4 Rg1 55. f7 Nd6 0-1

[Event "Let's Play Chess!"]
[Site "http://www.queenalice.com/game.php?id=1573296"]
[Date "2019.6.4"]
[Round "-"]
[White "charles31"]
[Black "manuelito"]
[Result "1-0"]
[WhiteElo "1710"]
[BlackElo "1709"]

1. d4 d5 2. Nc3 e6 3. a3 Nf6 4. Bg5 Be7 5. e3 O-O 6. Qd3 h6 7. Bh4 c5 8. dxc5
Bxc5 9. Nf3 Nc6 10. O-O-O g5 11. Bg3 a6 12. h3 b5 13. Ne5 Nxe5 14. Bxe5 Bb7 15.
Be2 b4 16. axb4 Bxb4 17. Na2 Be7 18. f3 Bd6 19. Bxd6 Qxd6 20. h4 Nh7 21. hxg5
Nxg5 22. Rxh6 f5 23. f4 Ne4 24. Bf3 Kg7 25. Rdh1 Rh8 26. Rxh8 Rxh8 27. Rxh8 Kxh8
28. Nc3 Kg7 29. g4 fxg4 30. Bxg4 Kf6 31. Ne2 e5 32. fxe5+ Qxe5 33. Nd4 Nf2 34.
Qf5+ Qxf5 35. Bxf5 Ne4 36. Bxe4 dxe4 37. c4 Ke5 38. b4 Kd6 39. Kc2 Kc7 40. Kc3
Kb6 41. c5+ Kc7 42. Kc4 Kd7 43. b5 axb5+ 44. Kxb5 Kc7 45. Ka5 Bd5 46. Kb5 Ba8
47. c6 Bxc6+ 48. Nxc6 Kd6 49. Nd4 Ke5 50. Kc5 1-0

[Event "Let's Play Chess!"]
[Site "http://www.queenalice.com/game.php?id=1573298"]
[Date "2019.6.4"]
[Round "-"]
[White "manuelito"]
[Black "charles31"]
[Result "1/2-1/2"]
[WhiteElo "1693"]
[BlackElo "1733"]

1. d4 d5 2. e3 Nf6 3. Nf3 Bg4 4. h3 Bxf3 5. Qxf3 e6 6. c4 dxc4 7. Bxc4 Bb4+ 8.
Bd2 Bxd2+ 9. Nxd2 O-O 10. O-O Nbd7 11. Qxb7 Nb6 12. Qa6 Qd6 13. Be2 Qb4 14. Nb3
Nfd7 15. Rac1 Nd5 16. e4 N5b6 17. Rxc7 Rfc8 18. Rxa7 Rd8 19. Rxa8 Rxa8 20. Qd3
Rxa2 21. Rb1 g6 22. Bf3 Nc4 23. Qc2 Ndb6 24. Be2 Nd6 25. f3 Nbc4 26. Bxc4 Nxc4
27. Qc3 Qxc3 28. bxc3 Rc2 29. Nc5 Rxc3 30. Rd1 h5 31. Nd3 f6 32. Nf4 Kf7 33. d5
e5 34. Ne2 Rc2 35. Kf2 Ke7 36. Ra1 Nb6 37. Ra7+ Nd7 38. h4 g5 39. hxg5 fxg5 40.
Kf1 Rb2 41. g3 Rb3 42. Kf2 Kd6 43. Ra6+ Nb6 44. f4 gxf4 45. gxf4 exf4 46. Nxf4
h4 47. Ra1 Ke5 48. Ng6+ Kxe4 49. Nxh4 Nxd5 50. Re1+ Kf4 51. Ng2+ Kf5 52. Ne3+
1/2-1/2

[Event "A Serra dos Dois meninos"]
[Site "http://www.queenalice.com/game.php?id=1573757"]
[Date "2019.6.8"]
[Round "-"]
[White "zubarev"]
[Black "manuelito"]
[Result "1/2-1/2"]
[WhiteElo "1864"]
[BlackElo "1744"]

1. e4 e5 2. Nf3 d6 3. Bc4 h6 4. O-O Nc6 5. Nc3 Nf6 6. Re1 Be7 7. Nd5 O-O 8.
Nxf6+ Bxf6 9. c3 Re8 10. d4 exd4 11. Nxd4 Nxd4 12. cxd4 a6 13. Be3 Be6 14. Bxe6
Rxe6 15. f3 Qd7 16. d5 Re7 17. Bd4 Bxd4+ 18. Qxd4 Rae8 19. Re3 Qb5 20. a4 Qc5
21. Qxc5 dxc5 22. Rc1 b6 23. Kf2 g5 24. h3 f5 25. Rce1 fxe4 26. fxe4 Kf7 27. Kf3
Kf6 28. Kg4 Kg6 29. Kg3 h5 30. h4 g4 31. b3 a5 32. e5 Kf5 33. e6 Rd8 34. Re5+
Kg6 35. Rf1 Kg7 1/2-1/2

[Event "O Mistério do Cinco Estrelas"]
[Site "http://www.queenalice.com/game.php?id=1573758"]
[Date "2019.6.8"]
[Round "-"]
[White "manuelito"]
[Black "zubarev"]
[Result "0-1"]
[WhiteElo "1655"]
[BlackElo "1895"]

1. d4 d5 2. e3 Nf6 3. Nf3 e6 4. Be2 Bd7 5. O-O Bd6 6. h3 O-O 7. c4 dxc4 8. Bxc4
Bc6 9. Nc3 Bd7 10. a3 c6 11. Re1 Qc7 12. b4 Re8 13. Bb2 a5 14. Qc2 b5 15. Bf1 a4
16. e4 Bf8 17. e5 Nd5 18. Nxd5 exd5 19. Rac1 Be7 20. Bxb5 Qb6 21. Bxa4 Qa6 22.
Bb3 Be6 23. Ra1 Nd7 24. Bc3 Rac8 25. Qe2 Qb7 26. Reb1 Nf8 27. Bc2 f6 28. a4 fxe5
29. Nxe5 Bf6 30. f4 Bxe5 31. fxe5 Qd7 32. Qd3 Ng6 33. Rf1 Rf8 34. Rxf8+ Rxf8 35.
Rf1 Rxf1+ 36. Qxf1 Ne7 37. g4 Ng6 38. a5 Ne7 39. Qd3 g6 40. a6 Nc8 41. Qf1 Ne7
42. Qa1 Qa7 43. Bd3 Nc8 44. b5 cxb5 45. Bxb5 Nb6 0-1

[Event "zebra - 53"]
[Site "http://www.queenalice.com/game.php?id=1573759"]
[Date "2019.6.8"]
[Round "-"]
[White "manuelito"]
[Black "zubarev"]
[Result "0-1"]
[WhiteElo "1737"]
[BlackElo "1856"]

1. d4 d5 2. Nf3 Nf6 3. e3 e6 4. Be2 Nc6 5. O-O Bd7 6. c4 Bb4 7. Bd2 Bxd2 8.
Nbxd2 O-O 9. Rc1 Ne4 10. cxd5 exd5 11. Nxe4 dxe4 12. Nd2 f5 13. f3 exf3 14. Bxf3
Qf6 15. Rf2 Nb4 16. a3 Nd3 17. Bxb7 Rab8 18. Bd5+ Kh8 19. Rxc7 Nxf2 20. Kxf2 Qd6
21. Rc5 Rxb2 22. Kg1 f4 23. e4 Bg4 24. Qxg4 Rxd2 25. e5 Qb6 26. Rc1 Qxd4+ 27.
Kh1 Qxd5 28. e6 f3 29. gxf3 Rd1+ 30. Rxd1 Qxd1+ 31. Kg2 Qe2+ 32. Kg3 Qe5+ 33. f4
Qe3+ 34. Qf3 Qxe6 35. h4 Rb8 36. f5 Qd6+ 37. Qf4 Qxf4+ 38. Kxf4 Rb3 39. a4 Rb4+
0-1

[Event "Let's Play Chess!"]
[Site "http://www.queenalice.com/game.php?id=1573780"]
[Date "2019.6.9"]
[Round "-"]
[White "charles31"]
[Black "manuelito"]
[Result "1-0"]
[WhiteElo "1746"]
[BlackElo "1680"]

1. Nc3 Nf6 2. e4 e5 3. a3 Be7 4. Nf3 d6 5. h3 Nc6 6. Bc4 h6 7. d4 exd4 8. Nxd4
Nxd4 9. Qxd4 O-O 10. Bd2 Be6 11. Bxe6 fxe6 12. g4 g5 13. f3 e5 14. Qc4+ Kg7 15.
h4 Nh7 16. hxg5 hxg5 17. O-O-O Rh8 18. Nd5 c6 19. Ne3 Nf6 20. Ng2 Rh7 21. Rxh7+
Nxh7 22. Rh1 Qg8 23. Ne3 Qxc4 24. Nxc4 Rh8 25. Ne3 Kg8 26. Nf5 Bf8 27. c4 Kf7
28. b4 Kf6 29. c5 dxc5 30. bxc5 Bxc5 31. Kb2 Bd4+ 32. Kb3 c5 33. Bc3 b5 34. Nd6
a6 35. Rh6+ Kg7 36. Re6 Nf6 37. Re7+ Kf8 38. Rf7+ Kg8 39. Rxf6 c4+ 40. Kc2 Rh2+
41. Kd1 Bxc3 42. Rg6+ 1-0

[Event "Let's Play Chess!"]
[Site "http://www.queenalice.com/game.php?id=1573781"]
[Date "2019.6.9"]
[Round "-"]
[White "manuelito"]
[Black "charles31"]
[Result "0-1"]
[WhiteElo "1695"]
[BlackElo "1731"]

1. d4 d5 2. e3 e6 3. Nf3 Nf6 4. Be2 Bb4+ 5. Bd2 Bxd2+ 6. Qxd2 a6 7. O-O Nc6 8.
a3 Bd7 9. c4 dxc4 10. Bxc4 Ne4 11. Qc2 Nf6 12. Nc3 Na5 13. Bd3 Bc6 14. b4 Bxf3
15. gxf3 Nc6 16. Kg2 g6 17. Rg1 Qd6 18. h3 e5 19. dxe5 Nxe5 20. Be2 O-O-O 21. f4
Nc6 22. Bf3 h5 23. h4 Qe6 24. Rad1 Ng4 25. Rxd8+ Nxd8 26. Ne4 f6 27. Nc5 Qe7 28.
Qxg6 Nc6 29. Bxg4+ hxg4 30. Qxg4+ Kb8 31. Kf3 Rf8 32. Qe6 Qh7 33. Nd7+ Ka7 34.
Nxf8 Qh5+ 35. Ke4 Qxh4 36. f3 Qf2 37. Rg8 Qc2+ 38. Kd5 Qb3+ 39. Ke4 Qxa3 40.
Qxf6 Qxb4+ 41. Kf5 Ne7+ 0-1

[Event "Challenge"]
[Site "http://www.queenalice.com/game.php?id=1574455"]
[Date "2019.6.15"]
[Round "-"]
[White "manuelito"]
[Black "crisvolei"]
[Result "1-0"]
[WhiteElo "1644"]
[BlackElo "1620"]

1. d4 e6 2. e3 d5 3. Nf3 Bb4+ 4. Bd2 Qd6 5. a3 Bxd2+ 6. Qxd2 Nf6 7. Nc3 Ne4 8.
Nxe4 Qb6 9. b4 a5 10. Ng3 axb4 11. Qxb4 Qxb4+ 12. axb4 Rxa1+ 13. Kd2 c6 14. Bd3
Rxh1 15. Nxh1 O-O 16. Ng3 g6 17. Ne2 f6 18. h4 b5 19. c3 h5 20. Bxg6 e5 21. Bxh5
exd4 22. exd4 Bf5 23. g4 Be4 24. Nh2 f5 25. g5 Nd7 26. Nf3 Kh8 27. Nf4 Bxf3 28.
Bg6 Bg4 29. h5 Nb6 30. Kd3 Nc4 31. Ne6 Ra8 32. f4 Ra1 33. h6 Rd1+ 34. Kc2 Ne3+
35. Kb2 Nc4+ 36. Kc2 Rd2+ 37. Kc1 Rb2 38. Be8 Re2 39. g6 Rxe6 40. Bf7 Re1+ 41.
Kc2 Bd1+ 42. Kd3 Nb2+ 43. Kd2 Re2+ 44. Kc1 Rc2+ 45. Kb1 Nd3 46. g7+ Kh7 47.
g8=Q+ Kxh6 48. Qg6# 1-0

[Event "Challenge"]
[Site "http://www.queenalice.com/game.php?id=1574456"]
[Date "2019.6.15"]
[Round "-"]
[White "crisvolei"]
[Black "manuelito"]
[Result "0-1"]
[WhiteElo "1640"]
[BlackElo "1628"]

1. e4 e5 2. Qf3 Nf6 3. Bc4 d6 4. g4 g5 5. h4 Bxg4 6. Qe3 gxh4 7. Rxh4 Be6 8. Qb3
b6 9. Bxe6 fxe6 10. Qxe6+ Qe7 11. Qxe7+ Bxe7 12. Rh6 Rg8 13. Nf3 Nc6 14. d3 Nd4
15. Nxd4 exd4 16. Bf4 O-O-O 17. e5 Nd5 18. Rxh7 Nxf4 19. Rxe7 dxe5 20. Rxe5 Rg1+
21. Kd2 c5 22. c4 dxc3+ 23. bxc3 Nxd3 24. Re7 Nxf2+ 25. Kc2 a5 26. a4 Rdd1 27.
Re8+ Kc7 28. c4 Nd3 29. Re7+ Kd6 30. Rb7 Kc6 31. Re7 Nb4+ 32. Kb2 Rg2+ 33. Kc3
Rd3# 0-1

[Event "全世界都知道的傳奇"]
[Site "http://www.queenalice.com/game.php?id=1574685"]
[Date "2019.6.18"]
[Round "-"]
[White "zubarev"]
[Black "manuelito"]
[Result "1-0"]
[WhiteElo "1901"]
[BlackElo "1649"]

1. d4 d5 2. Nc3 e6 3. Nf3 Nf6 4. e3 Be7 5. Bd3 h6 6. Ne5 O-O 7. O-O c5 8. Be2
cxd4 9. exd4 Nc6 10. f4 Nxe5 11. fxe5 Nd7 12. Bf4 a6 13. Bf3 Nb6 14. Qd2 Nc4 15.
Qc1 b5 16. b3 Nb6 17. Bxh6 Bb4 18. Bd2 Qh4 19. a3 1-0

[Event "1990年代還沒有"]
[Site "http://www.queenalice.com/game.php?id=1574686"]
[Date "2019.6.18"]
[Round "-"]
[White "manuelito"]
[Black "zubarev"]
[Result "0-1"]
[WhiteElo "1638"]
[BlackElo "1912"]

1. d4 d5 2. e3 Bf5 3. a3 Nf6 4. Nf3 e6 5. Be2 Bd6 6. O-O O-O 7. c4 c6 8. Nc3 Ne4
9. cxd5 exd5 10. Nxe4 Bxe4 11. b4 f5 12. Bb2 Nd7 13. Rc1 Nf6 14. Ng5 Qe7 15.
Nxe4 fxe4 16. h3 Nd7 17. Qb3 Qf6 18. b5 Qg6 19. bxc6 bxc6 20. Bg4 Nb6 0-1

[Event "Let's Play Chess!"]
[Site "http://www.queenalice.com/game.php?id=1574739"]
[Date "2019.6.18"]
[Round "-"]
[White "charles31"]
[Black "manuelito"]
[Result "1-0"]
[WhiteElo "1759"]
[BlackElo "1667"]

1. e4 e5 2. d4 Bb4+ 3. c3 Bd6 4. d5 Nf6 5. Bg5 h6 6. Bh4 O-O 7. Bd3 g5 8. Bg3
Re8 9. f3 Bf8 10. h4 d6 11. hxg5 hxg5 12. Qd2 Nh7 13. Nh3 g4 14. fxg4 Bxg4 15.
Nf2 Bd7 16. Na3 Qg5 17. Qxg5+ Nxg5 18. O-O-O c6 19. dxc6 Bxc6 20. Rh5 Ne6 21.
Rdh1 Bg7 22. R1h4 Kf8 23. Bc4 Ke7 24. Bxe6 Kxe6 25. Nd3 Nd7 26. Rg4 Bf6 27. Bh4
1-0

[Event "Let's Play Chess!"]
[Site "http://www.queenalice.com/game.php?id=1574741"]
[Date "2019.6.18"]
[Round "-"]
[White "charles31"]
[Black "manuelito"]
[Result "1-0"]
[WhiteElo "1694"]
[BlackElo "1726"]

1. d4 d5 2. h3 e6 3. Nc3 Nf6 4. Nf3 Be7 5. Bf4 a6 6. e3 O-O 7. Bd3 h6 8. g4 g5
9. Bg3 Re8 10. h4 Nh7 11. hxg5 Bxg5 12. Nxg5 Qxg5 13. Bf4 Qf6 14. Rxh6 Qh8 15.
Rxh7 Qxh7 16. Bxh7+ Kxh7 17. Qf3 Kg7 18. O-O-O Kf8 19. Bxc7 Nc6 20. Qf6 1-0